Biggest Cities in Lithuania - Statistics

General Stats
  • This quiz has been taken 34 times
  • The average score is 7 of 14
Answer Stats
Population City % Correct
302,874 Kaunas
100%
607,842 Vilnius
100%
160,082 Klaipėda
96%
49,952 Alytus
67%
84,392 Panevėžys
56%
35,681 Marijampolė
44%
25,415 Utena
37%
21,463 Tauragė
30%
23,321 Kėdainiai
26%
21,454 Telšiai
26%
26,341 Jonava
22%
32,838 Mažeikiai
22%
111,018 Šiaulai
19%
21,543 Ukmergė
19%
No matching quizzes found
Score Distribution
Percent of People with Each Score
Percentile by Number Answered
Your Score History
You have not taken this quiz